Mujer y política en la República Dominicana : (Registro nro. 8237)

Detalles MARC
000 -LIDER
fixed length control field 01461nam a2200361 a 4500
001 - NÚMERO DE CONTROL
Identificador de número de control 000015917
003 - IDENTIFICACDOR DE NÚMERO DE CONTROL
control field DO-SdBNP
005 - DATE AND TIME OF LATEST TRANSACTION
control field 20170925102752.0
007 - CAMPOS FIJOS DE DESCRIPCIÓN FÍSICA
fixed length control field 000015917
008 - ELEMENTOS DE LONGITUD FIJA
fixed length control field 100222s2009 dr ad 001 0 spa d
040 ## - FUENTE DE CATALOGACIÓN
Agencia que crea de manera original el registro BPMSU
Idioma de catalogación spa
Agencia que realiza la transcripción BPMSU
082 #4 - NÚMERO DE CLASIFICACIÓN DECIMAL DE DEWEY
Classification number 305.42
Item number D812m
100 1# - ASIENTO PRINCIPAL -- NOMBRE PERSONAL
Nombre personal Duarte, Isis
245 10 - MENCIÓN DE TITULO
Título Mujer y política en la República Dominicana :
Subtítulo consensos y disensos entre las líderes y la ciudadanía /
Mención de responsabilidad Isis Duarte, Julia Hasbún ; con la colaboracion de Lalito R. Vargas.
260 0# - PUBLICACIÓN, DISTRIBUCIÓN, ETC. (PIE DE IMPRENTA)
Lugar de publicación, distribución, etc Santo Domingo :
Nombre del editor, distribuidor, etc. Secretaría de Estado de la Mujer,
Fecha de publicación, distribución, etc 2009.
300 ## - DESCRIPCIÓN FÍSICA
Extensión 235 p. :
Otros detalles físicos il., gráfcs. ;
Dimensiones 26 cm.
500 ## - NOTA GENERAL
Nota general Incluye referencias bibliográficas y notas al pie de las páginas.
650 #4 - ENCABEZAMIENTO DE MATERIA--TEMÁTICO
Término temático o nombre geográfico como elemento de entrada MUJERES EN REPÚBLICA DOMINICANA
650 #4 - ENCABEZAMIENTO DE MATERIA--TEMÁTICO
Término temático o nombre geográfico como elemento de entrada MUJERES EN EL DESARROLLO SOCIAL
650 #4 - ENCABEZAMIENTO DE MATERIA--TEMÁTICO
Término temático o nombre geográfico como elemento de entrada MUJERES EN LA POLÍTICA
650 #4 - ENCABEZAMIENTO DE MATERIA--TEMÁTICO
Término temático o nombre geográfico como elemento de entrada MUJERES
Subdivisión temática general PARTICIPACIÓN POLÍTICA
-- INVESTIGACIONES
700 12 - ASIENTO SECUNDARIO -- NOMBRE PERSONAL
Nombre personal Hasbún, Julia
700 12 - ASIENTO SECUNDARIO -- NOMBRE PERSONAL
Nombre personal Vargas, Lalito R.
Mención de responsabilidad col.
710 1# - ASIENTO SECUNDARIO -- NOMBRE CORPORATIVO
Nombre corporativo o de jurisdicción República Dominicana.
Unidad subordinada Secretaría de Estado de la Mujer.
-- Escuela de Capacitación Política
910 ## - VALIDACIÓN
Validación Validado. Control de calidad EMS
930 #1 - EQUIVALENCE OR CROSS-REFERENCE-UNIFORM TITLE HEADING [LOCAL, CANADA]
Language of a work BND01
Medium of performance for music LF1
Medium 305.42
Field link and sequence number 20100222
Date of a work 01
Name of part/section of a work HD
Miscellaneous information 10556
942 ## - ADDED ENTRY ELEMENTS (KOHA)
Source of classification or shelving scheme Dewey Decimal Classification
Koha item type Libros
945 ## - INFORMACIÓN DE PROCESAMIENTO LOCAL
Información de procesamiento local Inventariado, 2017/MFF
956 ## - LOCAL ELECTRONIC LOCATION AND ACCESS (OCLC)
Nombre de host NMORDAN
Número de acceso 10
Información de compresión 20100224
Inicio de sesión BND01
Procesador de solicitud 1028
956 ## - LOCAL ELECTRONIC LOCATION AND ACCESS (OCLC)
Nombre de host DGARCIA
Número de acceso 10
Información de compresión 20100225
Inicio de sesión BND01
Procesador de solicitud 0914
956 ## - LOCAL ELECTRONIC LOCATION AND ACCESS (OCLC)
Nombre de host EMARRERO
Número de acceso 40
Información de compresión 20140425
Inicio de sesión BND01
Procesador de solicitud 2336
956 ## - LOCAL ELECTRONIC LOCATION AND ACCESS (OCLC)
Nombre de host VMATEO
Número de acceso 10
Información de compresión 20150826
Inicio de sesión BPMSU
Procesador de solicitud 00151
Existencias
Withdrawn status Lost status Source of classification or shelving scheme Damaged status Not for loan Collection code Home library Current library Date acquired Total Checkouts Full call number Barcode Date last seen Price effective from Koha item type
    Dewey Decimal Classification     Colección Dominicana Biblioteca Pública Metropolitana Salomé Ureña Biblioteca Pública Metropolitana Salomé Ureña 08/26/2015   305.42 D812m BPMSU15080493 08/26/2015 08/26/2015 Libros